| 000 | 01290nam a2200325 a 4500 | ||
|---|---|---|---|
| 001 | 000012459 | ||
| 005 | 20240412074232.0 | ||
| 008 | 091113t1999 dr 001 j spa d | ||
| 020 | _a9592092621 | ||
| 040 |
_aDO-SdBNP _bspa _cBNPHU |
||
| 082 |
_aRD863.4408 _bL864i |
||
| 100 | 1 |
_aLópez Sacha, Francisco _929187 |
|
| 245 | 1 | 0 |
_aIslas en el sol : _bantología del cuento cubano y dominicano / _cFrancisco López Sacha, José Rafael Lantigua ; edición Marilyn Bobes, Olga Marta Pérez. |
| 260 |
_aLa Habana : _bEdiciones Unión, _bEdiciones Ferilibro, _c1999. |
||
| 300 |
_a399 p. ; _c19 cm. |
||
| 490 | 1 |
_aFerilibro _v18 |
|
| 500 | _aIncluye síntesis biográficas de los autores. | ||
| 590 | _aInventariado, 2020/VM | ||
| 650 | 4 |
_aCuentos dominicanos _xColecciones _9503 |
|
| 650 | 4 |
_aCuentos cubanos _vCOLECCIONES _929188 |
|
| 650 | 4 |
_aLiteratura cubana _91483 |
|
| 650 | 0 |
_aLiteratura dominicana. _967 |
|
| 700 | 1 |
_aLantigua, José Rafael, _d1949- _91438 |
|
| 700 | 1 |
_aBobes, Marilyn, _eed. _929189 |
|
| 700 | 1 |
_aPérez, Olga Marta, _eed. _922707 |
|
| 710 | 2 |
_aUnión de Escritores y Artistas de Cuba. _929190 |
|
| 710 | 2 |
_aRepública Dominicana. _bComisión Permanente de la Feria del Libro. _914008 |
|
| 830 | 0 |
_aFerilibro, _v18 _9377 |
|
| 910 | _aValidado. Control de calidad EMS | ||
| 999 |
_c12116 _d12116 |
||